Alliterative Geography (Easier Version) - Statistics

General Stats
  • This quiz has been taken 230 times
  • The average score is 11 of 16
Answer Stats
Clue Answer % Correct
Famous clock tower in London Big Ben
100%
Large Californian bridge Golden Gate
97%
What WWI and WWII were World Wars
96%
He discovered the New World Christopher Columbus
93%
El Salvador's capital city San Salvador
79%
Largest city of Ethiopia Addis Ababa
77%
Longest river in the USA Mississippi-Missouri
75%
Landlocked African country South Sudan
73%
What Sinbad sailed Seven Seas
69%
Cambodian capital that lies along the Mekong River Phnom Penh
68%
Highest U.S. peak (former name) Mt. McKinley
63%
Massachusettsan peninsula Cape Cod
59%
Capital of Nevada Carson City
54%
Area of the White House that houses the US President West Wing
49%
African area south of large desert Sub Sahara
45%
Ireland's largest county County Cork
44%
No matching quizzes found
Score Distribution
Percent of People with Each Score
Percentile by Number Answered
Your Score History
You have not taken this quiz